000
00261nam a22001097a 4500
020
_a
9788126528813
082
_a
631.5871
_b
RAG/IR
100
_a
Raghunath, H.M
245
_a
Irrigation engineering
260
_a
New Delhi
_b
Wiley IndiaPvt. Ltd.
_c
2011
942
_c
BK
999
_c
13932
_d
13932